| 000 | 00561nam a2200193Ia 4500 | ||
|---|---|---|---|
| 003 | GCL | ||
| 008 | 140319s9999 xx 000 0 eng d | ||
| 040 |
_aGCL / _cGCL |
||
| 082 | 0 | 4 |
_aCC _b932.014 _bN R |
| 100 | 1 | _aDESROCHES - NEBLECOURT, CHRISTIANE | |
| 245 | 1 | 0 |
_aRAMSES II : LA VERITABLE HISTOIRE / _cDESROCHES - NEBLECOURT, CHRISTIANE |
| 260 |
_a[S.N] : _bPYGMALION\GERARD WATELET ، _c1996 |
||
| 300 | _a426 P | ||
| 650 | 0 | 4 | _aEGYPT |
| 650 | 0 | 4 | _aANCIENT EGYPT |
| 650 | 0 | 4 | _aKNOXVILLE ( TENN . ) - CIVLIZATION |
| 650 | 0 | 4 | _aRAMSES II |
| 942 |
_2ddc _cBK |
||
| 999 |
_c14112 _d14112 |
||